Loading...
Smasaanam
| Main Author: | |
|---|---|
| Format: | Printed Book |
| Published: |
Thiruvananthapuram, Prabhatham
1978
|
| LEADER | 003930000a22001210004500 | ||
|---|---|---|---|
| 040 | |a MAL | ||
| 082 | |a A2 UNN2/SM L8 | ||
| 100 | |a Unnikrishnan Nair, Kaniyapuram | ||
| 245 | |a Smasaanam | ||
| 260 | |a Thiruvananthapuram, Prabhatham | ||
| 260 | |c 1978 | ||
| 999 | |c 21507 |d 21507 | ||
| 952 | |0 0 |1 0 |4 0 |6 A_000000000000000_2_UNN2SM_L8 |7 0 |8 MAL |9 21323 |a MGUL |b MGUL |d 2013-07-16 |l 0 |o A2 UNN2/SM L8 |p 22009 |r 2013-07-16 |w 2013-07-16 |y BK | ||